| 000 | 01122nam a2200265 a 4500 | ||
|---|---|---|---|
| 005 | 20230323063518.0 | ||
| 008 | 991125s1990 chi 000 0 eng u | ||
| 020 | _aO852295316 | ||
| 035 | _aUPN01000056728 | ||
| 049 | _aCG | ||
| 050 | 4 |
_aAC1 _bG7 1990 v.15 |
|
| 100 | 1 |
_aTolomeo, Claudio, _dca. 100-ca. 178 |
|
| 245 | 1 | 4 |
_aThe almagest / _cPtolemy ; tr. R. Catesby Taliaferro. |
| 250 | _a2nd ed. | ||
| 260 |
_aChicago, EUA : _bEncyclopaedia Britannica, _c1990. |
||
| 300 | _axiv, 1085 p. | ||
| 440 | 0 |
_aGreat books of the western world ; _v15 |
|
| 501 | _aCon: Introduction, symbols, and abbreviations, and a short bibliography to Copernicus and Kepler -- On the revolutions of the heavenly spheres / by Nicolaus Copernicus -- Epitome of copernican astronomy : IV and V -- The harmonies of the world : V / by Johannes Kepler | ||
| 500 | _aBiografĂas: p. ix, 499, 841 | ||
| 650 | 4 |
_aASTRONOMIA - _xTRABAJOS ANTERIORES A 1800 _98516 |
|
| 650 | 2 |
_aCiencia _vColecciones _99879 |
|
| 650 | 4 |
_aGEOGRAFIA - _xTRABAJOS ANTERIORES A 1800 |
|
| 650 | 7 |
_aMatemáticas _xTrabajos anteriores a 1800 _2 _925656 |
|
| 905 | _aLibro | ||
| 999 |
_c56728 _d56728 |
||